Fairy Tail 265 Personnages sans Indices - Statistiques

Statistiques générales
  • Ce quiz a été pris 126 fois
  • Le résultat moyen est 96 sur 265
Statistiques - réponses
Numéro Personnage % Correct
5 Erza Scarlett
100%
4 Grey Fullbuster / Gray
100%
2 Happy
100%
3 Lucy Heartfilia
100%
1 Natsu Dragnir
99%
10 Carla
95%
17 Luxus Draer / Laxus
95%
9 Wendy Marvel
95%
6 Gajil Redfox / Gajeel
91%
15 Elfman Strauss
89%
11 Makarof Draer / Makarov
89%
8 Jubia Lokser / Juvia
88%
14 Mirajane Strauss
88%
16 Lisana Strauss / Lisanna
87%
236 Léo (Loki / Loke)
86%
209 Zeleph Dragnir / Zeref (Empereur Spriggan)
86%
71 Jellal Fernandez / Gerald (Jycrain)
84%
7 Panther Lily
84%
38 Mavis Vermillion
81%
21 Reby MacGarden / Levy
81%
141 Rog Chenny / Rogue
81%
139 Sting Youclif
81%
60 Oul Milkovich / Ur
80%
92 Eave Tilm / Eve
78%
13 Kanna Alperona / Cana
76%
252 Ignir / Igneel
75%
242 Aquarius
74%
12 Gildarts Clive
74%
127 Ultia Milkovich / Ultear (Zalty)
74%
20 Ever Green / Evergreen
73%
18 Fried Justin
73%
233 Taurus
73%
143 Minerva Orlando
72%
25 Roméo Combolto
72%
142 Frosh / Frosch
69%
108 Mistgun / Mystogan
69%
237 Virgo
69%
146 Yukino Agria
69%
232 Aries
67%
55 Leon Bastia / Lyon (Empereur Zéro)
67%
24 Macao Combolto
67%
239 Scorpio
67%
56 Cherry Brendy / Sherry
66%
102 Erick (Cobra)
66%
234 Gémini (Gemi et Mini)
66%
265 Acnologia
65%
241 Caprico / Capricorn
65%
128 Meldy / Meredy
65%
103 Sorano Agria (Angel)
65%
19 Bixrow / Bickslow
64%
125 Hades (Precht Gaebolg)
64%
90 Ichiya Vandalei Kotobuki
63%
240 Sagittarius
63%
73 Simon Mikazuchi
63%
26 Wakaba Mine
63%
254 Grandiné / Grandeeney
62%
160 Kagura Mikazuchi
62%
140 Lecter / Lector
62%
101 Macbeth (Midnight)
62%
235 Cancer
61%
54 Jura Nekis / Jera
61%
22 Jett / Jet
60%
23 Droy
59%
59 Cherrya Brendy / Sherria
58%
253 Metalicana
58%
31 Max Alose
56%
238 Libra
55%
28 Biska Connel / Bisca
54%
215 August
52%
75 Miliana / Millianna
52%
91 Hibiki Leithis
51%
243 Pisces
49%
220 Eileen Belserion / Irene
48%
93 Ren Akatsuki
47%
27 Arzak Connel / Alzack
46%
246 Horologium
46%
245 Nikola (Plue)
46%
144 Rufus Roy
46%
100 Zero
46%
89 Bob
45%
169 Jade E. Fiore / Hisui E. Fiore
45%
37 Mest Glider (Dranbalt)
45%
189 Silver Fullbuster
45%
211 Brandish Myuh
44%
94 Jenny Rearlight
44%
36 Kinana (Cubelios)
44%
81 Org / Ork
44%
154 Bacchus Glow
43%
65 José Pora
43%
118 Mâr / Marl
43%
33 Nab Lasaro
43%
104 Sawyer (Racer)
43%
30 Warren Rackow / Volen
43%
130 Azuma
42%
29 Asuka Connel / Aska
41%
148 Ivan Draer / Iwan (Alexei)
41%
39 Yûri Draer
41%
35 Lucky Olietta / Laki
40%
129 Zankuro / Zancrow
40%
99 Brain
39%
145 Orga Nanagia
39%
149 Flare Corona / Frea
38%
105 Richard Buchanan (Hot-eye)
38%
70 Layla Heartfilia
37%
179 Warrod Sequen / Worlod Seaken
37%
214 Dimaria Iesta
36%
47 Eligoal / Erigor
36%
117 Lucky
36%
76 Rob
36%
116 Nichiya
35%
58 Toby Ololta
35%
258 Atlas Flame
34%
61 Déliora
34%
210 God Serena
34%
187 Mard Geer / Mald Gheel
33%
41 Polyussica / Porlyusica
33%
74 Shaw / Shô
33%
34 Visitor Echo / Vegeta / Vijeeter
33%
72 Wolly Buchanan / Wally
33%
68 Alya / Aria
32%
126 Bluenote Stinger
32%
190 Jackal
32%
69 Jude Heartfilia
32%
95 Karen Lilica
32%
110 Koko / Coco
32%
188 Kyôka
31%
192 Seila / Seilah
31%
82 Shitou Yajima
31%
57 Yûka Suzuki
31%
131 Rustyrose
30%
66 Sol
30%
191 Tempester
30%
67 Totomaru
30%
200 Zera
30%
247 Crux / Kross
29%
32 Readers Johnner / Reedus
29%
229 Anna Heartfilia
28%
248 Lyra
28%
216 Wahl Icht / Wall
28%
213 Ajil Lamur / Ajeel
27%
221 Rahkeid Dragnir / Larcade
27%
251 Roi des Esprits
27%
113 Sugar Boy / Sugarboy
27%
133 Zoldio / Zoldeo
27%
217 Jacob Lessio
26%
138 Jienma Orlando / Jiemma
26%
48 Kageyama
26%
219 Bloodman
25%
186 E.N.D.
25%
132 Kain Hikaru
25%
256 Skiadrum / Skiadram
25%
212 Inbel Yura / Invel
24%
208 Mary
24%
53 Ohba Baba / Ooba Babasaama
24%
170 Arcadios
23%
162 Beth Vanderhood
23%
195 Keith / Keyes
23%
114 Chagot / Shagotte
22%
193 Franmalth / Franmars
22%
153 Golmine / Goldmine
22%
77 Ikaruga
22%
218 Ninehart / Neinhart
22%
156 Rocker
22%
196 Torafuzar / Trafzer
22%
159 Warcry
22%
255 Weisslogia / Baislogia
22%
194 Ezel / Ezer
21%
87 Lahar / Rahal
21%
78 Owl / Fukuro
21%
109 Bayro / Byro
20%
180 Draculos Hyberion
20%
151 Ohbra / Obra
20%
42 Bora de Prominens
19%
249 Pyxis
19%
40 Rita Draer
19%
97 Zatow / Zatô
19%
257 Zilkonis / Jilkonis
19%
164 Jason
18%
135 Kawazu
18%
197 Lamy
18%
52 Lullaby
18%
259 Mother Grea / Motherglare
18%
158 Semus / Semmes
18%
134 Yomazu
18%
163 Alanya Web / Araña
16%
43 Ebar / Everlue
16%
111 Erza Knightwalker [Edolas]
16%
98 Gatow / Gatô
16%
150 Nalpuding / Nullpudding
16%
244 Ophiuchus
16%
161 Risley Law
16%
203 Abel
15%
107 Faust
15%
155 Jäger
15%
152 Kurohebi
15%
123 Lucy Ashley [Edolas]
15%
124 Natsu Draguion [Edolas]
15%
157 Nobarly / Novali
15%
84 Belno
14%
175 Cosmos
14%
112 Hughes
14%
176 Kamika
14%
106 Klodoa / Kurodoa
14%
83 Michelo / Michello
14%
115 Nady / Nadi
14%
202 Alok / Arlock
13%
49 Billard / Byard
13%
147 Dobengal
13%
207 Jerome
13%
96 Lowbawl / Roubaul
13%
51 Rayure / Rayule
13%
137 Thibo / Thibault
13%
168 Toma E. Fiore
13%
79 Vidaldus Taka
13%
199 Zeeself / Jiself
13%
136 Banaboster
12%
204 Briar / Braiya
12%
201 Geoffrey
12%
50 Karakka / Karacka
12%
181 Wolfheim
12%
264 Belserion
11%
63 Bobo
11%
86 Crowford Sheem / Crawford
11%
206 Gômon
11%
80 Gran Doma
11%
174 Nepper / Neppa
11%
173 Sardean / Uosuke
11%
198 Yakudriga / Yakdoriga
11%
205 D-6
10%
171 Datong / Derton
10%
185 Doriate / Drierte
10%
226 Juliet Sun
10%
46 Kaby Melon
10%
172 Kama
10%
62 Moka
10%
85 Reiji / Leiji
10%
260 Rivaia / Levia
10%
45 Zekua Melon (Kemu Zaleon)
10%
250 Caelum
9%
178 Rog du Futur
9%
227 Heine Lunasea
8%
224 Karim / Kareem
8%
177 Lucy du Futur
8%
167 Mato
8%
261 Scissor Runner
8%
166 Chapati Lola
7%
228 Grammy / Grammi
7%
223 Marin Hollow
7%
64 Angelica
6%
182 Hiroshi
6%
183 Rala / Lala
6%
44 Vanish Brothers
6%
222 Yajil / Yajeel
6%
184 Drake
5%
119 Martum / Martam
5%
120 Mezyl / Mejeer
5%
121 Mugant / Muganto
5%
122 Mysderoy / Mysdroy
5%
165 Rabian
5%
225 Bakr / Bakel
4%
88 Michelia
3%
231 Alios / Arius
2%
230 Mio
2%
263 Anchor
1%
262 Earth Build
1%
Aucun quiz correspondant
Distribution des résultats
% des personnes avec chaque résultat
Percentile par nombre de réponses
Votre historique - résultats
Vous n’avez pas pris ce quiz